• 首页
  • 本馆介绍
  • 公告通知
  • 最新文献
  • 馆藏检索
  • 电子资源
  • 读者导购
  • 参考咨询
  • 我的图书馆
  • 登录
  • 详细信息显示
  • 放入我的书架
  • 预约/预借图书
  • 作者相关作品
  • 分类相关作品
  • 丛书相关作品
  • 出版社相关作品

书目信息

  • 表格格式
  • 工作单格式
  • 卡片格式
题名:
征服巴尔干
    
 
作者: ;李莉 , 李含 译 ;时代生活编辑部 著
分册:  
出版信息: 海口   海南出版社  2001
页数: 207页
开本: 21cm
丛书名: 第三帝国
单 册:
中图分类: K516.44
科图分类:
主题词: 德意志第三帝国--de yi zhi di san di guo--史料
电子资源:
ISBN: 7-5443-0197-4
000 00857nam0 2200277 45
001 CAL 012001432843
005 20031219104054.4
010    @a7-5443-0197-4@dCNY25.00
100    @a20011112d2001 ekmy0chiy0121 ea
101 1  @achi@ceng
102    @aCN@b460000
105    @aab z 000yy
106    @ar
200 1  @a征服巴尔干@Azheng fu ba er gan@f(美)时代生活编辑部著@g李莉, 李含译
210    @a海口@c海南出版社@d2001
215    @a207页@c图, 地图@d21cm
225 2  @a第三帝国@Adi san di guo
410  0 @12001 @a第三帝国
454  1 @12001 @@aConquest of the Balkans
606    @a德意志第三帝国@Ade yi zhi di san di guo@x史料
690    @aK516.44@v4
702  0 @a李莉@Ali li@4译
702  0 @a李含@Ali han@4译
711 02 @a时代生活编辑部@Ashi dai sheng huo bian ji bu@4著
801    @aCN@bTSTC@c20020409
905    @b307939-943@dK516.44@e17:12@f5
    
    征服巴尔干/(美)时代生活编辑部著/李莉, 李含译.-海口:海南出版社,2001
    207页:图, 地图;21cm.-(第三帝国)
    译自:
    
    ISBN 7-5443-0197-4:CNY25.00
    
●
相关链接 在E读中查询图书 在五车中查询图书 在当当中查询图书 在豆瓣中查询图书


正题名:征服巴尔干     索取号:K516.44/17:12         预约/预借

序号 登录号 条形码 馆藏地/架位号 状态 备注
1 0307939   203079391   第二借阅区/ [索取号:K516.44/17:12] 在馆    
2 0307940   203079408   第二借阅区/ [索取号:K516.44/17:12] 在馆    
3 0307941   203079417   第二借阅区/ [索取号:K516.44/17:12] 在馆    
4 0307942   203079426   第二借阅区/ [索取号:K516.44/17:12] 在馆    
5 0307943   203079435   第二样本阅览室/ [索取号:K516.44/17:12] 在馆    
唐山师范学院图书馆 欢迎您!
大连网信软件有限公司© 版权所有